00439 2200169 4500001002100000008004100021035002000062082000800082084001400090100001800104245006800122250000600190260003500196300001200231650001400243990001200257INLIS000000000000998 ind  a0010-0524000233 a200 a200 MAT h aHikam, Matnul aHakekat Ma'rifat; Jadilah Muslim Yang BerkualitascMatnul Hikam a1 aSurabaya :bBintang Usaha Jaya a416 hlm aNon Fiksi a0743975